000 01334nam a2200301 c 4500
003 BLK
005 20180422112246.0
008 180409b bul|||||r ||||||| ||bul||
010 _aKNG00146252000
040 _aBLK
041 _aBUL
_cBUL
080 _aБългарска литература
_b821.163.2
_x-93-32
_z821.163.2-93-32
100 1 _aГорчивкин, Митко
_eпърви автор
_gМитев, Димитър Стоянов
_9379347
700 1 _aСпиридонов, Симеон Димитров
_eхудож.
_9277676
700 1 _aМитев, Димитър Стоянов
_e*
_9318615
139 _aГорчивкин, Митко
_bГ 69
245 1 0 _aСтарата лодка
_bРазкази за деца
_cМитко Горчивкин; худож. Симеон Димитров Спиридонов; * Димитър Стоянов Митев.
257 _aBGR
260 София
_bНар. младеж
_c1981
300 _a55 с.
_bс ил.
_c21 см
380 _aDX
500 _aИстинското име на авт. е Димитър Стоянов Митев. - 30 150 тир.
852 _aЦб 260949
856 4 _qpdf
_u
856 4 _qpdf
_u
942 _cKNG
_n0
944 _aCR
_c17.07.2013
_lф / 17.07.2013
_kЕлиза_Атанасова
944 _aED
_c12.09.2017
_lф / 17.07.2013
_kСевдалина_Василева
999 _c140193
_d140193